Ảnh hưởng của dự án xây dựng đường cao tốc cầu Gĩe -Ninh Bình tới môi trường tỉnh.

Cơ sở lý luận chung của đề tài ...Vài nét khái quát về tỉnh Hà Nam và dự án xây dựng đường cao tốc cầu Gĩe - Ninh Bình...Ảnh hưởng của dự án xây dựng đường cao tốc cầu Gĩe - Ninh Bình tới môi trường tỉnh Hà Nam và một số biện pháp phòng ngừa, giảm thiểu tác động xấu của dự án tới môi trường......

Szczegółowa specyfikacja

Zapisane w:
Opis bibliograficzny
1. autor: Nguyễn, Thị Thu
Kolejni autorzy: Nguyễn, Văn Nam Người hướng dẫn (Promotor doktoranta)
Format: Książka
Język:Vietnamese
Wydane: Đại học Sư Phạm Đại học Đà Nẵng 2009
Hasła przedmiotowe:
Etykiety: Dodaj etykietę
Nie ma etykietki, Dołącz pierwszą etykiete!
Thư viện lưu trữ: Mạng thư viện Đại học Đà Nẵng
LEADER 01392nam a2200301 4500
001 000011261
003 7498
005 20120203080211.0
008 120203s2009 viesd
041 |a vie 
072 |a Khóa luận tốt nghiệp - Cử nhân địa lý 
082 |a 363.739  |b NG-T 
100 1 |a Nguyễn, Thị Thu 
245 1 |a Ảnh hưởng của dự án xây dựng đường cao tốc cầu Gĩe -Ninh Bình tới môi trường tỉnh.  |c Nguyễn, Thị Thu 
260 |a Đại học Sư Phạm  |b Đại học Đà Nẵng  |c 2009 
300 |a 58 tr.  |c 29 cm.  |e bản đồ, hình ảnh 
500 |a Khóa luận tốt nghiệp 
520 |a Cơ sở lý luận chung của đề tài ...Vài nét khái quát về tỉnh Hà Nam và dự án xây dựng đường cao tốc cầu Gĩe - Ninh Bình...Ảnh hưởng của dự án xây dựng đường cao tốc cầu Gĩe - Ninh Bình tới môi trường tỉnh Hà Nam và một số biện pháp phòng ngừa, giảm thiểu tác động xấu của dự án tới môi trường... 
653 |a Tỉnh Hà Nam 
700 |a Nguyễn, Văn Nam  |c Người hướng dẫn  |e ThS 
OWN |a LSP 
999 |a From the UDN01 
TYP |a Monograph 
TYP |a Printed language 
980 |a Mạng thư viện Đại học Đà Nẵng